| 000 | 00644cam a2200193 4500 | ||
|---|---|---|---|
| 005 | 20260220132959.0 | ||
| 008 | 260220b ag |||||||| |||| 00| 0 spa d | ||
| 020 | _a9505360266 | ||
| 050 | 0 | 4 |
_aKHA2807 _bM6 1987 |
| 100 | 1 | _aMorello, Augusto M. | |
| 245 | 3 |
_aEl recurso extraordinario _c / Augusto M. Morello |
|
| 250 | _a1a ed. | ||
| 260 |
_aLa plata, Argentina : _bLibrería Editorial Platense : _bAbeledo-Perrot, _c1987 |
||
| 300 |
_axvi, 442 p. _c23 cm. |
||
| 504 | _aIncluye apéndice e índice | ||
| 650 | 7 |
_2lemb _aProcedimiento civil _xArgentina |
|
| 650 | 7 |
_2lemb _aRecurso extraordinario (Derecho) _zArgentina |
|
| 942 |
_2lcc _cLIB |
||
| 999 |
_c137513 _d137511 |
||